Making Your Education Work For You A Proven System For Success In School And For Getting The Job Of Your Dreams (Record no. 41198)

MARC details
000 -LEADER
fixed length control field 00463nam a2200145Ia 4500
008 - FIXED-LENGTH DATA ELEMENTS--GENERAL INFORMATION
fixed length control field 240719s9999 xx 000 0 und d
041 ## - LANGUAGE CODE
Language code of text/sound track or separate title eng
082 ## - DEWEY DECIMAL CLASSIFICATION NUMBER
Classification number 371.3028 GRE
100 ## - MAIN ENTRY--PERSONAL NAME
Personal name Green W. Gordon
245 ## - TITLE STATEMENT
Title Making Your Education Work For You A Proven System For Success In School And For Getting The Job Of Your Dreams
260 ## - PUBLICATION, DISTRIBUTION, ETC.
Place of publication, distribution, etc. New York
Name of publisher, distributor, etc. Forge
Date of publication, distribution, etc. 2010
300 ## - PHYSICAL DESCRIPTION
Extent 302.; P. 20 Cm
365 ## - TRADE PRICE
Price amount 15
520 ## - SUMMARY, ETC.
Summary, etc. Gifted By : IMT Faculty Dr. senthi kumar
Holdings
Withdrawn status Lost status Damaged status Not for loan Home library Current library Shelving location Date acquired Full call number Barcode Date last seen Price effective from Koha item type Public note
        IMTN IMTN Rack 16-B 08/05/2023 371.3028 GRE 32893 07/19/2024 07/19/2024 Books Gifted
Designed & Maintained by: LRC IMT Nagpur Contact: lrc@imtnag.ac.in© 2024. All Rights Reserved.